书目信息 |
| 题名: |
青年文化比较
|
|
| 作者: | 布雷克 著 ;孟登迎 , 宓瑞新 译 | |
| 分册: | ||
| 出版信息: | 北京 中国青年出版社 2017 |
|
| 页数: | 21,303页 | |
| 开本: | 24cm | |
| 丛书名: | 国外青年文化研究译丛 | |
| 单 册: | ||
| 中图分类: | C913.5 | |
| 科图分类: | ||
| 主题词: | 青年--文化社会学--对比研究--美国--英国--加拿大 | |
| 电子资源: | ||
| ISBN: | 978-7-5153-4685-4 | |
| 000 | 01328oam2 2200289 450 | |
| 001 | 5662 | |
| 005 | 20180528215604.04 | |
| 010 | @a978-7-5153-4685-4@dCNY39.90 | |
| 100 | @a20171018d2017 em y0chiy0110 ea | |
| 101 | 1 | @achi@ceng |
| 102 | @aCN@b110000 | |
| 105 | @ay z 001yy | |
| 200 | 1 | @a青年文化比较@9qing nian wen hua bi jiao@e青年文化社会学及美国、英国和加拿大的青年亚文化@dComparative youth culture@ethe sociology of youth cultures and youth subcultures in America, Britain and Canada@f(加)迈克尔·布雷克著@g孟登迎,宓瑞新译@zeng |
| 210 | @a北京@c中国青年出版社@d2017 | |
| 215 | @a21,303页@d24cm | |
| 225 | 1 | @a国外青年文化研究译丛 |
| 300 | @a本书出版得到中国青年政治学院科研专项经费资助 | |
| 330 | @a本书对少数人文化群落及其产生的集体认同进行了比较,揭示了个人是如何利用这些集体认同在阶级、教育和职业这些强加的界限之外去界定他自己的身份的。 | |
| 461 | 0 | @12001 @a国外青年文化研究译丛 |
| 510 | 1 | @aComparative youth culture@ethe sociology of youth cultures and youth subcultures in America, Britain and Canada@zeng |
| 606 | 0 | @a青年@x文化社会学@x对比研究@y美国@y英国@y加拿大 |
| 690 | @aC913.5@v5 | |
| 701 | 0 | @c(加)@a布雷克@9bu lei ke@c(Brake, Michael)@4著 |
| 702 | 0 | @a孟登迎@9meng deng ying@4译 |
| 702 | 0 | @a宓瑞新@9mi rui xin@4译 |
| 801 | 0 | @aCN@b91MARC@c20171018 |
| 905 | @aMuseLib@dC913.5@e1216 | |
| 青年文化比较:青年文化社会学及美国、英国和加拿大的青年亚文化=Comparative youth culture:the sociology of youth cultures and youth subcultures in America, Britain and Canada/(加)迈克尔·布雷克著/孟登迎,宓瑞新译.-北京:中国青年出版社,2017 |
| 21,303页;24cm.-(国外青年文化研究译丛) |
| 本书出版得到中国青年政治学院科研专项经费资助 |
| ISBN 978-7-5153-4685-4:CNY39.90 |
| 本书对少数人文化群落及其产生的集体认同进行了比较,揭示了个人是如何利用这些集体认同在阶级、教育和职业这些强加的界限之外去界定他自己的身份的。 |
| ● |
| 相关链接 |
|
|
|
|
正题名:青年文化比较
索取号:C913.5/1216
 
预约/预借
| 序号 | 登录号 | 条形码 | 馆藏地/架位号 | 状态 | 备注 |
| 1 | 1064398 | 210643981 | 第一样本阅览室/ [索取号:C913.5/1216] | 在馆 | |
| 2 | 1064399 | 210643990 | 密集书库-海洋学院/ [索取号:C913.5/1216] | 在馆 | |
| 3 | 1064400 | 210644007 | 第一借阅区/ [索取号:C913.5/1216] | 在馆 | |
| 4 | 1064401 | 210644016 | 第一借阅区/ [索取号:C913.5/1216] | 在馆 | |
| 5 | 1064402 | 210644025 | 第一借阅区/ [索取号:C913.5/1216] | 在馆 | |
| 6 | 1064403 | 210644034 | 第一借阅区/ [索取号:C913.5/1216] | 在馆 | |
| 7 | 1114216 | 211142164 | 第一借阅区/ [索取号:C913.5/1216] | 在馆 | |
| 8 | 1114217 | 211142173 | 教育系资料室/ [索取号:C913.5/1216] | 在馆 | |
| 9 | 1114218 | 211142182 | 教育系资料室/ [索取号:C913.5/1216] | 在馆 | |
| 10 | 1114219 | 211142191 | 教育系资料室/ [索取号:C913.5/1216] | 在馆 | |
| 11 | 1114220 | 211142208 | 第一借阅区/ [索取号:C913.5/1216] | 在馆 | |
| 12 | 1114221 | 211142217 | 第一借阅区/ [索取号:C913.5/1216] | 在馆 |